Civilización en singular y en plural /

محفوظ في:
التفاصيل البيبلوغرافية
المؤلف الرئيسي: POLIN, RAYMOND
التنسيق: غير معروف
الموضوعات:
الوسوم: إضافة وسم
لا توجد وسوم, كن أول من يضع وسما على هذه التسجيلة!

MARC

LEADER 000000000a22000000004500
001 006535
100 1 |a POLIN, RAYMOND 
245 1 0 |a Civilización en singular y en plural /   |c Raymond Polin. 
650 4 |a CIVILIZACIÓN GLOBALIZADA 
650 4 |a UNIVERSABILIDAD HUMANA 
650 4 |a CIVILIZACIÓN CULTURAL 
650 4 |a CONTEMPORANEIDAD 
773 0 |d México : Editorial de la Universidad Autónoma Metropolitan  |t Casa del Tiempo  |g volumen 2, número 15 (1981), páginas 22-30 
942 |c ARC 
999 |c 12911  |d 12911